Ünnepélyes záróelőadással befejeződött a felvidéki és erdélyi tanárok szegedi tanfolyama „minden tanárnak jusson eszébe a Szent István-i gondolat, amikor nem magyar ajkú tanítvánnyal áll szemben"
Elmentve itt :
| Dokumentumtípus: | Cikk |
|---|---|
| Megjelent: |
1941-07-31
|
| Sorozat: | Délmagyarország
17 No. 173 |
| Kulcsszavak: | Pedagógus-továbbképzés 1941 |
| Online Access: | http://dmarchiv.bibl.u-szeged.hu/33700 |
| LEADER | 00607nab a2200145 i 4500 | ||
|---|---|---|---|
| 001 | delm33700 | ||
| 005 | 20180927105610.0 | ||
| 008 | 180927s1941 hu o 0|| hun d | ||
| 040 | |a SZTE Délmagyarország Archívum |b hun | ||
| 041 | |a hun | ||
| 245 | 0 | 0 | |a Ünnepélyes záróelőadással befejeződött a felvidéki és erdélyi tanárok szegedi tanfolyama |h [elektronikus dokumentum] : |b „minden tanárnak jusson eszébe a Szent István-i gondolat, amikor nem magyar ajkú tanítvánnyal áll szemben" |
| 260 | |c 1941-07-31 | ||
| 300 | |a 4 | ||
| 490 | 0 | |a Délmagyarország |v 17 No. 173 | |
| 695 | |a Pedagógus-továbbképzés 1941 | ||